Insurance Marketing in Turkey
Sektor poisťovací v Turecku, jeho charakteristika, smerovanie, problémy. Marketing poistenia v Turecku: produkty poistenia, cena, podpora rozvoja poistenia, miesto predaja produktov.
Na minha lista:
| Autor principal: | |
|---|---|
| Formato: | Capítulo de Livro |
| Idioma: | inglês |
| Assuntos: | |
| Tags: |
Sem tags, seja o primeiro a adicionar uma tag!
|
MARC
| LEADER | 00000nla$a2200000$$$4500 | ||
|---|---|---|---|
| 001 | 0077789 | ||
| 005 | 20221128083917.1 | ||
| 041 | 0 | |a eng | |
| 044 | |a SK | ||
| 245 | 1 | 0 | |a Insurance Marketing in Turkey |c Burak Kartal |
| 520 | |a Sektor poisťovací v Turecku, jeho charakteristika, smerovanie, problémy. Marketing poistenia v Turecku: produkty poistenia, cena, podpora rozvoja poistenia, miesto predaja produktov. | ||
| 610 | 2 | 0 | |a Turecko |
| 610 | 2 | 0 | |a poistenie |
| 610 | 2 | 0 | |a marketing |
| 610 | 2 | 0 | |a poisťovne |
| 100 | 1 | |a Kartal, Burak | |